|
|
|
|
| LEADER |
00000nam0a2200000 4500 |
| 001 |
179651 |
| 005 |
20231101223506.0 |
| 010 |
|
|
|a 9785370019616
|
| 035 |
|
|
|a (RuTPU)RU\TPU\book\194748
|
| 090 |
|
|
|a 179651
|
| 100 |
|
|
|a 20100426d2010 m y0rusy50 ca
|
| 101 |
0 |
|
|a rus
|
| 102 |
|
|
|a RU
|
| 105 |
|
|
|a y n 000zy
|
| 200 |
1 |
|
|a Земельный кодекс Российской Федерации
|e официальный текст
|
| 210 |
|
|
|a Москва
|c Омега-Л
|d 2010
|
| 215 |
|
|
|a 74 с.
|
| 225 |
1 |
|
|a Кодексы Российской Федерации
|
| 300 |
|
|
|a текс Кодекса приводится по состоянию на 5 апреля 2010 г.
|
| 330 |
|
|
|a Настоящее издание содержит текст Земельного кодекса Российской Федерации по состоянию на 5 апреля 2010 года.
|
| 606 |
1 |
|
|a Земельный кодекс РФ
|2 stltpush
|3 (RuTPU)RU\TPU\subj\11686
|9 38598
|
| 610 |
1 |
|
|a право
|
| 610 |
1 |
|
|a земельное право
|
| 610 |
1 |
|
|a Российская Федерация
|
| 610 |
1 |
|
|a земельные участки
|
| 610 |
1 |
|
|a собственность
|
| 610 |
1 |
|
|a охрана
|
| 610 |
1 |
|
|a права
|
| 610 |
1 |
|
|a обязанности
|
| 610 |
1 |
|
|a убытки
|
| 610 |
1 |
|
|a земельные споры
|
| 610 |
1 |
|
|a оценка
|
| 610 |
1 |
|
|a мониторинг
|
| 610 |
1 |
|
|a земельное законодательство
|
| 610 |
1 |
|
|a земли сельскохозяйственного назначения
|
| 610 |
1 |
|
|a особо охраняемые территории
|
| 610 |
1 |
|
|a земли запаса
|
| 610 |
1 |
|
|a лесной фонд
|
| 610 |
1 |
|
|a водный фонд
|
| 686 |
|
|
|a Х625
|v LBC/SL-A
|2 rubbk
|
| 801 |
|
1 |
|a RU
|b 63413507
|c 20100426
|
| 801 |
|
2 |
|a RU
|b 63413507
|c 20211021
|g RCR
|
| 942 |
|
|
|c BK
|
| 959 |
|
|
|a 27/20100423
|d 2
|e 19,90
|f АНЛ:1
|f ЧЗГЛ:1
|